Library Banner

How to prepare for the graduate record examination (GRE) : G (Record no. 2746)

MARC details
000 -LEADER
fixed length control field 00648nam a2200205Ia 4500
001 - CONTROL NUMBER
control field 2436
008 - FIXED-LENGTH DATA ELEMENTS--GENERAL INFORMATION
fixed length control field 140314s9999 xx 000 0 und d
020 ## - INTERNATIONAL STANDARD BOOK NUMBER
International Standard Book Number 0812043995
040 ## - CATALOGING SOURCE
Transcribing agency PK-LaUMT
082 ## - DEWEY DECIMAL CLASSIFICATION NUMBER
Classification number 378.1662
Item number BRO-H
100 ## - MAIN ENTRY--PERSONAL NAME
Personal name Brownstein, Samuel C.
245 ## - TITLE STATEMENT
Title How to prepare for the graduate record examination (GRE) : G
Statement of responsibility, etc Brownstein, Samuel C.<>Weiner, Mitchel, Jt. Auth.; (Green, Sharon Weiner)
250 ## - EDITION STATEMENT
Edition statement 9th
260 ## - PUBLICATION, DISTRIBUTION, ETC. (IMPRINT)
Place of publication, distribution, etc New York,USA:
Name of publisher, distributor, etc Barrons,
Date of publication, distribution, etc 1993
300 ## - PHYSICAL DESCRIPTION
Extent 659 p.
546 ## - LANGUAGE NOTE
Language note EN
650 ## - SUBJECT ADDED ENTRY--TOPICAL TERM
Topical term or geographic name as entry element Graduate record examination-study guide
700 ## - ADDED ENTRY--PERSONAL NAME
Personal name Weiner, Mitchel, Jt. Auth.; (Green, Sharon Weiner)
942 ## - ADDED ENTRY ELEMENTS (KOHA)
Koha item type Books
Holdings
Withdrawn status Lost status Damaged status Not for loan Home library Current library Date acquired Total Checkouts Full call number Barcode Checked out Date last seen Date checked out Price effective from Koha item type
        UMT Main Campus UMT Main Campus 2014-03-14 1 378.1662 BRO-H 695 2020-04-15 2019-12-17 2019-12-17 2014-03-14 Books